00720cam a22002291 4500001001300000003000400013005001700017008004100034010001700075035002000092040001800112042001200130050001600142100003200158245006700190260006100257300004200318500001700360500004700377650001800424710004800442ca 24000873 DLC20260227111113.0940117s1924 iluac 000 0 eng  aca 24000873  a(OCoLC)29640838 aDLCcIENdDLC apremarc00aHD9006b.H71 aHoward, James Raley,d1873-10aFundamentals of standardization,cby J.R. Howard; lesson c ... aChicago,bThe American Institute of Agriculture,cc1924. a30 p.billus. (mounted port.)c23 cm. aCover-title. a"Confidential edition issued for members." 0aFarm produce.2 aAmerican Institute of Agriculture, Chicago.